| 000 | 00632cab a22001935a 4500 | ||
|---|---|---|---|
| 001 | L159960 | ||
| 008 | 150113e2016 xxk 000 0 eng d | ||
| 035 | _a(Sirsi) u159960 | ||
| 041 | 0 | _aeng | |
| 050 | _a346.420434 $2 18 | ||
| 100 | 1 | _aRowling, Jon | |
| 245 | 0 | 3 | _aAn evolutionary document |
| 260 |
_aLondon _bRICS _c2016 |
||
| 490 |
_aRICS Building Surveying Journal _vDecember 2016 - January 2017, 14(1) |
||
| 520 | _aReviews the changes in the recently published 7th edition of the RICS Dilapidations in England and Wales guidance note. | ||
| 651 | 4 | _aENGLAND AND WALES | |
| 690 |
_aDilapidations _96235 |
||
| 942 |
_n0 _2ddc |
||
| 999 |
_c85083 _d85083 |
||